| 000 | 00717nam a22002531 4500 | ||
|---|---|---|---|
| 001 | sa 68012159 | ||
| 003 | DLC | ||
| 005 | 20260227112607.0 | ||
| 008 | 711115s1968 pk ab 00010 eng | ||
| 010 | _asa 68012159 | ||
| 025 | _aPL480:EP-E-478 | ||
| 043 |
_aa-ii--- _aa-pk--- |
||
| 050 | 0 |
_aDS436 _b.A355 1968 |
|
| 082 | _a954 | ||
| 100 | 1 | 0 |
_aAli, Kausar, _d1924- |
| 245 | 1 | 2 |
_aA new history of Indo-Pakistan, _cby K. Ali. |
| 250 | _a[2d ed., rev. and enl.] | ||
| 260 | 0 |
_aDacca, _bAli Publications, _c1968. |
|
| 300 |
_a1 v. (various pagings) _billus., maps. _c22 cm. |
||
| 350 | _aRs16 | ||
| 500 | _aRunning title: History of Indo-Pakistan. | ||
| 651 | 0 |
_aIndia _xHistory. |
|
| 651 | 0 |
_aPakistan _xHistory. |
|
| 999 |
_c84342 _d84342 |
||